Listening and Reading : More practice Tests
The Longman Preparation Series for the TOEIC Test: Listening and Reading will teach you language strategies and test strategies that will help you reach these goals and score well on the TOEIC test.
保存先:
| 第一著者: | |
|---|---|
| フォーマット: | 図書 |
| 言語: | Undetermined |
| 出版事項: |
White Plains, N.Y.
Pearson Education
2012
|
| 主題: | |
| タグ: |
タグ追加
タグなし, このレコードへの初めてのタグを付けませんか!
|
| Thư viện lưu trữ: | Trung tâm Học liệu Trường Đại học Cần Thơ |
|---|
| LEADER | 00855nam a2200229Ia 4500 | ||
|---|---|---|---|
| 001 | CTU_188001 | ||
| 008 | 210402s9999 xx 000 0 und d | ||
| 020 | |c 166600 | ||
| 082 | |a 428.0076 | ||
| 082 | |b L887 | ||
| 100 | |a Lougheed, Lin | ||
| 245 | 0 | |a Listening and Reading : | |
| 245 | 0 | |b More practice Tests | |
| 245 | 0 | |c Lin Lougheed | |
| 260 | |a White Plains, N.Y. | ||
| 260 | |b Pearson Education | ||
| 260 | |c 2012 | ||
| 520 | |a The Longman Preparation Series for the TOEIC Test: Listening and Reading will teach you language strategies and test strategies that will help you reach these goals and score well on the TOEIC test. | ||
| 650 | |a English language,Tiếng Anh | ||
| 650 | |x Business English,Examinations,Tiếng Anh thương mại,Kỳ thi | ||
| 910 | |a Xuyen,Hải | ||
| 980 | |a Trung tâm Học liệu Trường Đại học Cần Thơ | ||